Movies Quiz

Random Movies Quiz

Ultimate Harry Potter Quiz Stats

Quiz not verified by Sporcle

Challenge
Share
Tweet
Embed
Score 0/12 Timer 03:00
0 Plays Today
description spells % Correct
Disarm your opponentExpelliarmus
97.3%
Summons an objectAccio
96.4%
Used against dementorsExpecto Patronum
78.1%
Erases memoryObliviate
75.2%
Opens locked objectsAlohomora
74.7%
Enlarges an objectEngorgio
67.6%
Stun your opponentStupify
35%
Conjures the dark markMorsmorde
23.9%
KillAvada Kadavra
21.2%
Forces opponent to danceTarantallegra
11.7%
Turns small objects into birdsAvifors
4.8%
Destroys a ghostScruge
3.3%

You're not logged in!

Compare scores with friends on all Sporcle quizzes.
Join for Free
OR
Log In

You Might Also Like...

Show Comments

Extras

Created Dec 15, 2010ReportNominate
Tags:description, spelling, ultimate

Top Quizzes Today


Score Distribution

Your Account Isn't Verified!

In order to create a playlist on Sporcle, you need to verify the email address you used during registration. Go to your Sporcle Settings to finish the process.

Report this User

Report this user for behavior that violates our Community Guidelines.

Details: